[Event "IECG CN.2002.0.00306 email"]
[Site "IECG email"]
[Date "2002.09.03"]
[Round "?"]
[White "Gans, Fabian"]
[Black "Taylor, Mick"]
[Result "1-0"]
[WhiteElo "800"]
[BlackElo "400"]
[PlyCount "25"]
[EventDate "2002.09.03"]
[EventType "tourn (corr)"]
[EventRounds "6"]
[SourceTitle "Corr 2008"]
[Source "ChessBase"]
[SourceDate "2008.06.24"]
[SourceVersion "1"]
[SourceVersionDate "2008.06.24"]
[SourceQuality "1"]

1. e4 e5 2. f4 Nf6 3. fxe5 Nxe4 4. Nf3 Nc6 5. Nc3 Nxc3 6. bxc3 Bc5 7. d4 Bb6 8. Bc4 f6 9. exf6 Qxf6 10. 0-0 d6 11. Bg5 Qg6 12. Qe2+ Kf8 13. Ne5+ 1-0

[Event "IECG CN.2002.0.00306 email"]
[Site "IECG email"]
[Date "2002.09.03"]
[Round "?"]
[White "Vodanovic, Boris"]
[Black "Gans, Fabian"]
[Result "1-0"]
[WhiteElo "800"]
[BlackElo "800"]
[PlyCount "105"]
[EventDate "2002.09.03"]
[EventType "tourn (corr)"]
[EventRounds "6"]
[SourceTitle "Corr 2008"]
[Source "ChessBase"]
[SourceDate "2008.06.24"]
[SourceVersion "1"]
[SourceVersionDate "2008.06.24"]
[SourceQuality "1"]

1. e4 b6 2. d4 Bb7 3. Nc3 e6 4. Nf3 Bb4 5. Bd3 Nf6 6. 0-0 Bxc3 7. bxc3 Nxe4 8. Bb2 Ng5 9. Nxg5 Qxg5 10. f3 0-0 11. c4 Nc6 12. c3 Ne7 13. Qc2 f5 14. Rae1 Ng6 15. Bc1 f4 16. g3 Nh4 17. Bxh7+ Kh8 18. Be4 d5 19. cxd5 exd5 20. Bd3 c5 21. Re5 Nxf3+ 22. Rxf3 Qg4 23. Rxf4 Rxf4 24. Bxf4 Bc6 25. Qe2 Qxe2 26. Bxe2 cxd4 27. cxd4 a5 28. Bf3 Rd8 29. Rh5+ Kg8 30. Bc7 Rf8 31. Bxd5+ Bxd5 32. Rxd5 Rf6 33. Rb5 a4 34. Rxb6 Rxb6 35. Bxb6 Kf7 36. Kf2 Ke6 37. Ke3 Kd5 38. a3 g6 39. h4 Kc6 40. Bc5 Kd5 41. g4 Ke6 42. Kf4 Kf6 43. d5 g5+ 44. hxg5+ Kf7 45. Kf5 Ke8 46. Ke6 Kd8 47. g6 Kc8 48. g7 Kb7 49. g8Q Kc7 50. Qf7+ Kc8 51. Bb6 Kb8 52. Qc7+ Ka8 53. Qa7# 1-0